000 01155nam a2200313 i 4500
001 70685
003 Mx-PuUPA
005 20230816134434.0
008 230816s2022 uk ad||fr|||| 00| 0 eng d
020 _a9781783304929
_qrústica
040 _aMx-PuUPA
_bspa
_cMx-PuUPA
_dMx-PuUPA
_erda
041 0 _aeng
100 1 _aAlemu, Getaneh,
_914652
_eautor
245 1 4 _aThe future of enriched linked, open and filtered metadata :
_bmaking sense of IFLA LRM, RDA, Linked Data and BIBFRAME /
_cGetaneh Alemu
250 _aFirst published
264 1 _aLondon :
_bFacet Publishing,
_c2022
300 _axxiii, 282 páginas :
_bilustraciones, diagramas, tablas ;
_c24 cm
336 _2rdacontent
_atexto
_btxt
337 _2rdamedia
_asin medio
_bn
338 _2rdacarrier
_avolumen
_bnc
650 7 _2armarc
_aMetadatos bibliotecarios
650 7 _2armarc
_aDatos enlazados
650 7 _2armarc
_aMetadatos
650 7 _2armarc
_aOrganización de la información
942 _2ddc
_cLI
_h025.3
_iA366
999 _c70685
_d70685